Ordenanzas de minería y colección de las órdenes y decretos de esta materia posteriores a su publicación a las que van agregadas las reformas de que son susceptibles algunos de los artículos vigentes de las mismas ordenanzas

Uloženo v:
Podrobná bibliografie
Médium: Kniha
Jazyk:španělština
Vydáno: París Rosa y Bouret 1870
Témata:
Tagy: Přidat tag
Žádné tagy, Buďte první, kdo vytvoří štítek k tomuto záznamu!

MARC

LEADER 00000nam a2200000 a 4500
001 UCR1226
003 CL-VaPUC
008 971212e18700000FR |||||||||||||||||spa|d
082 0 4 |a 343.077  |b ORD  |2 21 
245 1 0 |a Ordenanzas de minería y colección de las órdenes y decretos de esta materia posteriores a su publicación a las que van agregadas las reformas de que son susceptibles algunos de los artículos vigentes de las mismas ordenanzas 
300 |a 383 p 
942 |c BK 
945 |d 19971212 00:00:00  |a cmena 
260 |a París  |b Rosa y Bouret  |c 1870 
500 |a Apéndice concerniente a las minas del Perú y 2 láminas para explicar los métodos más económicos de disfrutar las vetas 
650 0 |a Derecho minero  |9 257109 
650 0 |a Minas  |9 255522 
650 7 |a LEGISLACION  |2 CL-VaPUC  |9 398221 
650 0 |a Concesiones mineras  |9 256334 
650 7 |a COMPAÑIAS MINERAS  |2 CL-VaPUC  |9 370031 
650 0 |a Contratos mineros  |9 344920 
650 0 |a Propiedad minera   |9 370030 
650 0 |a Salarios  |9 255321 
650 7 |a SERVIDUMBRES MINERAS  |2 CL-VaPUC  |9 398222 
583 |a last modification  |c 19971212 00:00:00  |k Rodrigo Vera 
999 |c 264703  |d 264701